A grammer of style (Record no. 49471)
[ view plain ]
| 000 -LEADER | |
|---|---|
| fixed length control field | 00485 a2200193 4500 |
| 041 ## - LANGUAGE CODE | |
| Language code of text/sound track or separate title | Eng |
| 082 ## - DEWEY DECIMAL CLASSIFICATION NUMBER | |
| Classification number | 415 |
| Item number | D242g |
| 100 ## - MAIN ENTRY--PERSONAL NAME | |
| Personal name | Darbyshire, A.E |
| 9 (RLIN) | 6362 |
| 245 ## - TITLE STATEMENT | |
| Title | A grammer of style |
| 260 ## - PUBLICATION, DISTRIBUTION, ETC. | |
| Place of publication, distribution, etc. | Delhi |
| Name of publisher, distributor, etc. | Clarion Books |
| Date of publication, distribution, etc. | 1980 |
| 300 ## - PHYSICAL DESCRIPTION | |
| Extent | 232p; illus |
| 440 ## - SERIES STATEMENT/ADDED ENTRY--TITLE | |
| Title | The Language Library |
| 9 (RLIN) | 6363 |
| 504 ## - BIBLIOGRAPHY, ETC. NOTE | |
| Bibliography, etc. note | Bibliography: p. 227-232 |
| 650 ## - SUBJECT ADDED ENTRY--TOPICAL TERM | |
| Topical term or geographic name entry element | Grammer |
| 9 (RLIN) | 6364 |
| 650 ## - SUBJECT ADDED ENTRY--TOPICAL TERM | |
| Topical term or geographic name entry element | Linguistics |
| 9 (RLIN) | 2015 |
| 650 ## - SUBJECT ADDED ENTRY--TOPICAL TERM | |
| Topical term or geographic name entry element | Lexical management |
| 9 (RLIN) | 6365 |
| 653 ## - INDEX TERM--UNCONTROLLED | |
| Uncontrolled term | Language |
| 942 ## - ADDED ENTRY ELEMENTS (KOHA) | |
| Source of classification or shelving scheme | Dewey Decimal Classification |
| Koha item type | General Collections |
No items available.
